00275nam a2200109Ia 4500008004100000020001000041041000800051082000800059100001200067245005600079260003000135221007s9999 xx 000 0 und d a11004 aeng bDAL aDalal C aFraud Detection : A Practical Approach for Auditors c2006bBCA SocietyaMumbai